Histoire et historiens de l'Algérie / (Registro nro. 80133)
[ vista simple ]
| 000 -LEADER | |
|---|---|
| campo de control de longitud fija | 00693nam a2200205 i 4500 |
| 001 - NÚMERO DE CONTROL | |
| campo de control | 80133 |
| 003 - IDENTIFICADOR DE NÚMERO DE CONTROL | |
| campo de control | ES-MaACL |
| 005 - FECHA Y HORA DE LA ÚLTIMA TRANSACCIÓN | |
| campo de control | 20230906174134.0 |
| 007 - CAMPO FIJO DE DESCRIPCIÓN FÍSICA--INFORMACIÓN GENERAL | |
| campo de control de longitud fija | t| |
| 008 - DATOS DE LONGITUD FIJA--INFORMACIÓN GENERAL | |
| campo de control de longitud fija | 041026s1931 fr ||||1| fre d |
| 245 00 - MENCIÓN DEL TÍTULO | |
| Título | Histoire et historiens de l'Algérie / |
| Mención de responsabilidad, etc. | par J. Alazard... [et al.] ; introduction de Stephane Gsell. |
| 260 ## - PUBLICACIÓN, DISTRIBUCIÓN, ETC. | |
| Lugar de publicación, distribución, etc. | Paris : |
| Nombre del editor, distribuidor, etc. | Félix Alcan, |
| Fecha de publicación, distribución, etc. | 1929 ( |
| Lugar de fabricación/manufactura | Vendôme ; Paris : |
| Fabricante | Presses Universitaires de France) |
| 300 ## - DESCRIPCIÓN FÍSICA | |
| Extensión | 426 p. ; |
| Dimensiones | 24 cm. |
| 490 1# - MENCIÓN DE SERIE | |
| Mención de serie | Centenaire de L'Algérie ; |
| Designación de volumen o secuencia | 4 |
| 700 1# - ENTRADA AGREGADA--NOMBRE PERSONAL | |
| Nombre de persona | Alazard, J.an. |
| 9 (RLIN) | 19179 |
| 700 1# - ENTRADA AGREGADA--NOMBRE PERSONAL | |
| Nombre de persona | Gsell, Stephane. |
| 9 (RLIN) | 60268 |
| 830 0# - PUNTO DE ACCESO ADICIONAL DE SERIE-TÍTULO UNIFORME | |
| Título uniforme | Centenaire de L'Algérie ; |
| Designación de volumen o secuencia | 4 |
| 9 (RLIN) | 231478 |
| 852 ## - LOCALIZACIÓN | |
| Ubicación | ES-MaACL |
| Número de control de estantería | B-13573 |
| Estatus retirado | Estado de pérdida | Estado de daño | No para préstamo | Biblioteca de origen | Biblioteca actual | Ubicación en estantería | Fecha de adquisición | Fuente de adquisición | Total de préstamos | Signatura topográfica completa | Código de barras | Visto por última vez | Precio de reemplazo | Tipo de ítem Koha |
|---|---|---|---|---|---|---|---|---|---|---|---|---|---|---|
| Biblioteca del Ateneo de Madrid | Biblioteca del Ateneo de Madrid | Sala Pardo Bazán | 17/01/2008 | B-13573 | 1083782 | 23/02/2023 | 23/02/2023 | Libro impreso |
